000 00297nam a2200109Ia 4500
008 220204s9999 xx 000 0 und d
082 _a325.3(540)
_bBIP
100 _aBipan Chandra
245 0 _aNationalism and colonialism in Modern India
260 _aNew delhi
_bOrient Longman
_c1979
942 _cBK
999 _c34132
_d34132